[Event "NRW Class2 1314"]
[Site "Germany"]
[Date "2013.12.08"]
[Round "4"]
[White "Hanisch, Bernd"]
[Black "Linker, Walter"]
[Result "1/2-1/2"]
[WhiteElo "1969"]
[BlackElo "2050"]
[PlyCount "68"]
[EventDate "2013.09.15"]
[EventType "team-tourn"]
[EventRounds "9"]
[EventCountry "GER"]
[SourceTitle "EXT 2015"]
[Source "ChessBase"]
[SourceDate "2014.11.20"]
[SourceVersion "1"]
[SourceVersionDate "2014.11.20"]
[SourceQuality "1"]
[WhiteTeam "Herford"]
[BlackTeam "Dortmund Hansa II"]
[WhiteTeamCountry "GER"]
[BlackTeamCountry "GER"]

1. c4 f5 2. Nf3 Nf6 3. g3 b6 4. Bg2 Bb7 5. 0-0 e6 6. b3 Be7 7. Bb2 0-0 8. e3 d6 9. d4 h6 10. Nbd2 Qc8 11. Nh4 Kh7 12. Qc2 Bxg2 13. Nxg2 Nc6 14. e4 g6 15. Rae1 Qd7 16. exf5 exf5 17. d5 Nb4 18. Qb1 Rf7 19. Nf3 Nh5 20. Nd4 Bf6 21. a3 Na6 22. b4 Rc8 23. Nc6 Ra8 24. Re2 Nb8 25. Nd4 Qa4 26. Ne6 a5 27. Bxf6 Nxf6 28. Nh4 Qxa3 29. Nxg6 Ne4 30. Rxe4 fxe4 31. Qxe4 Qf3 32. Ngf8+ Kh8 33. Ng6+ Kh7 34. Ngf8+ Kh8 1/2-1/2

[Event "NRW Class2 1314"]
[Site "Germany"]
[Date "2013.10.06"]
[Round "2.6"]
[White "Zolfagharian, Kevin"]
[Black "Hanisch, Bernd"]
[Result "0-1"]
[WhiteElo "2050"]
[BlackElo "1969"]
[PlyCount "60"]
[EventDate "2013.09.15"]
[EventType "team-tourn"]
[EventRounds "9"]
[EventCountry "GER"]
[SourceTitle "EXT 2015"]
[Source "ChessBase"]
[SourceDate "2014.11.20"]
[SourceVersion "1"]
[SourceVersionDate "2014.11.20"]
[SourceQuality "1"]
[WhiteTeam "Solingen III"]
[BlackTeam "Herford"]
[WhiteTeamCountry "GER"]
[BlackTeamCountry "GER"]

1. e4 c6 2. d4 d5 3. e5 c5 4. dxc5 Nc6 5. Nf3 Bg4 6. Bb5 e6 7. b4 Qc7 8. Bb2 Nge7 9. Nbd2 b6 10. cxb6 Qxb6 11. c4 a6 12. Bxc6+ Nxc6 13. a3 dxc4 14. Nxc4 Bxb4+ 15. Kf1 Qb5 16. Qe2 Bc5 17. a4 Qb3 18. Nd6+ Bxd6 19. exd6 0-0 20. Ra3 Qb4 21. h3 Bf5 22. Qd2 Rab8 23. Qxb4 Rxb4 24. g4 Be4 25. Bc1 Rb1 26. Kg2 Nd4 27. Rd1 Nxf3 28. Kg3 Bc2 29. Rxf3 Bxd1 30. Rc3 Rb3 0-1

[Event "NRW Class2 1314"]
[Site "Germany"]
[Date "2013.09.15"]
[Round "1.8"]
[White "Hanisch, Bernd"]
[Black "Kuckling, Hannah"]
[Result "0-1"]
[WhiteElo "1969"]
[BlackElo "1991"]
[PlyCount "82"]
[EventDate "2013.09.15"]
[EventType "team-tourn"]
[EventRounds "9"]
[EventCountry "GER"]
[SourceTitle "EXT 2015"]
[Source "ChessBase"]
[SourceDate "2014.11.20"]
[SourceVersion "1"]
[SourceVersionDate "2014.11.20"]
[SourceQuality "1"]
[WhiteTeam "Herford"]
[BlackTeam "Lippstadt Turm"]
[WhiteTeamCountry "GER"]
[BlackTeamCountry "GER"]

1. c4 e5 2. Nc3 Nc6 3. g3 f5 4. Bg2 Nf6 5. e3 d5 6. cxd5 Nb4 7. d4 e4 8. Bf1 Nbxd5 9. Nge2 Be6 10. Nxd5 Bxd5 11. Nc3 Bf7 12. Be2 Be7 13. Bd2 0-0 14. Rc1 Kh8 15. a3 c6 16. Na4 a5 17. 0-0 Qe8 18. Nb6 Ra7 19. Nc4 a4 20. Ne5 Bb3 21. Qe1 Nd5 22. Nc4 Bd8 23. Bc3 Rf6 24. Nd2 Rh6 25. Nxb3 axb3 26. Bd2 Bg5 27. Rc5 Qe6 28. Qd1 Ra8 29. Re1 Nf6 30. Re5 Qd7 31. Qxb3 f4 32. Qe6 Qxe6 33. Rxe6 f3 34. Bc4 Re8 35. h4 Rxe6 36. hxg5 Ng4 37. gxh6 Rxh6 38. Bf1 Rh2 39. d5 Rxf2 40. Bc3 Rh2 41. Bc4 Rg2+ 0-1

[Event "NRW Class2 1213"]
[Site "Germany"]
[Date "2013.04.07"]
[Round "8.7"]
[White "Pfeiffer, Michael"]
[Black "Hanisch, Bernd"]
[Result "0-1"]
[WhiteElo "1928"]
[BlackElo "2001"]
[PlyCount "78"]
[EventDate "2012.09.16"]
[EventType "team-tourn"]
[EventRounds "9"]
[EventCountry "GER"]
[SourceTitle "EXT 2017"]
[Source "ChessBase"]
[SourceDate "2016.10.25"]
[SourceVersion "1"]
[SourceVersionDate "2016.10.25"]
[SourceQuality "1"]
[WhiteTeam "Solingen III"]
[BlackTeam "Herford"]
[WhiteTeamCountry "GER"]
[BlackTeamCountry "GER"]

1. d4 Nf6 2. c4 e6 3. Nc3 Bb4 4. e3 0-0 5. Bd3 d5 6. Nf3 b6 7. cxd5 exd5 8. 0-0 Bg4 9. a3 Bxc3 10. bxc3 c5 11. a4 c4 12. Be2 Nc6 13. Ne1 Bxe2 14. Qxe2 Na5 15. Ba3 Re8 16. Nf3 Nb3 17. Ra2 Ne4 18. Qc2 Rc8 19. Bc1 Re6 20. Nd2 Nbxd2 21. Bxd2 Rg6 22. f3 Nxd2 23. Qxd2 Re6 24. Qf2 Qe7 25. Re2 Re8 26. e4 Qa3 27. Rc2 Qxa4 28. e5 Qd7 29. f4 f5 30. g4 Rf8 31. Kh1 b5 32. Qe1 a5 33. Rg1 Rg6 34. gxf5 Rxg1+ 35. Kxg1 Qxf5 36. Rf2 Qg4+ 37. Kh1 Rxf4 38. Rxf4 Qxf4 39. e6 Qe4+ 0-1

[Event "NRW Class2 1213"]
[Site "Germany"]
[Date "2013.02.17"]
[Round "6.5"]
[White "Rott, Georg"]
[Black "Hanisch, Bernd"]
[Result "1-0"]
[WhiteElo "2093"]
[BlackElo "2001"]
[PlyCount "93"]
[EventDate "2012.09.16"]
[EventType "team-tourn"]
[EventRounds "9"]
[EventCountry "GER"]
[SourceTitle "EXT 2017"]
[Source "ChessBase"]
[SourceDate "2016.10.25"]
[SourceVersion "1"]
[SourceVersionDate "2016.10.25"]
[SourceQuality "1"]
[WhiteTeam "Muenster"]
[BlackTeam "Herford"]
[WhiteTeamCountry "GER"]
[BlackTeamCountry "GER"]

1. e4 c6 2. d4 d5 3. exd5 cxd5 4. c4 Nf6 5. Nc3 e6 6. Nf3 Be7 7. c5 0-0 8. b4 b6 9. Bf4 a5 10. Na4 Nbd7 11. Bb5 bxc5 12. bxc5 Ne4 13. 0-0 Ba6 14. Rb1 Bxb5 15. Rxb5 g5 16. Bd2 Qc7 17. Nxg5 Nxg5 18. Qg4 h6 19. h4 Nf6 20. Qf4 Qxf4 21. Bxf4 Ngh7 22. Rb7 Nh5 23. Bh2 Bf6 24. Rd1 Rac8 25. Nb6 Rc6 26. Nd7 Rfc8 27. Nb8 Nf8 28. Nxc6 Rxc6 29. Rb6 Rc8 30. c6 Bd8 31. Rb8 Rxc6 32. Rxd8 Kg7 33. g4 Nf6 34. Be5 N8h7 35. h5 Ng5 36. Rd3 Rc2 37. Rb3 Rxa2 38. Rbb8 Nf3+ 39. Kg2 Nxe5 40. dxe5 Ra4 41. f3 Ra2+ 42. Kg3 a4 43. Rh8 a3 44. exf6+ Kxf6 45. Rxh6+ Kg7 46. g5 Rb2 47. Rbh8 1-0

[Event "NRW Class2 1213"]
[Site "Germany"]
[Date "2012.12.16"]
[Round "4.6"]
[White "Joergens, Markus"]
[Black "Hanisch, Bernd"]
[Result "1-0"]
[WhiteElo "2095"]
[BlackElo "2001"]
[PlyCount "53"]
[EventDate "2012.09.16"]
[EventType "team-tourn"]
[EventRounds "9"]
[EventCountry "GER"]
[SourceTitle "EXT 2017"]
[Source "ChessBase"]
[SourceDate "2016.10.25"]
[SourceVersion "1"]
[SourceVersionDate "2016.10.25"]
[SourceQuality "1"]
[WhiteTeam "Oberhausen"]
[BlackTeam "Herford"]
[WhiteTeamCountry "GER"]
[BlackTeamCountry "GER"]

1. d4 d5 2. c4 c6 3. Nf3 Nf6 4. e3 g6 5. Nc3 Bg7 6. Qb3 a6 7. Bd2 0-0 8. a4 Ne4 9. cxd5 Nxd2 10. Nxd2 e5 11. dxe6 Qe7 12. exf7+ Kh8 13. Be2 Be6 14. Qa3 Qxf7 15. 0-0 Rd8 16. Nce4 h6 17. Rac1 a5 18. Bc4 Bd5 19. Qb3 Na6 20. Bxd5 cxd5 21. Nc5 Nb4 22. Nf3 Rab8 23. Nd3 Nc6 24. Rc5 Kh7 25. h3 Qg8 26. Nfe5 Bf8 27. Rb5 1-0

[Event "NRW Class2 1112"]
[Site "Germany"]
[Date "2012.02.05"]
[Round "6.8"]
[White "Hanisch, Bernd"]
[Black "Stratmann, Holger"]
[Result "1-0"]
[WhiteElo "1997"]
[BlackElo "1973"]
[PlyCount "103"]
[EventDate "2011.09.18"]
[EventType "team-tourn"]
[EventRounds "9"]
[EventCountry "GER"]
[SourceTitle "EXT 2015"]
[Source "ChessBase"]
[SourceDate "2014.11.20"]
[SourceVersion "1"]
[SourceVersionDate "2014.11.20"]
[SourceQuality "1"]
[WhiteTeam "Herford"]
[BlackTeam "Katernberg II"]
[WhiteTeamCountry "GER"]
[BlackTeamCountry "GER"]

1. c4 Nf6 2. Nc3 g6 3. e4 d6 4. g3 Bg7 5. Bg2 c5 6. Nge2 Nc6 7. 0-0 0-0 8. Rb1 Bg4 9. h3 Bd7 10. d3 Ne8 11. a3 a5 12. b3 Nc7 13. Bb2 e5 14. f4 f5 15. Nd5 Ne6 16. Kh2 fxe4 17. Bxe4 Ned4 18. Bxd4 Nxd4 19. Nxd4 cxd4 20. Qe2 Kh8 21. Rf2 exf4 22. Nxf4 Be5 23. Rbf1 Qe7 24. Bxg6 Rxf4 25. gxf4 Bxf4+ 26. Kh1 Be3 27. Rf7 Bc6+ 28. Be4 Bxe4+ 29. dxe4 Qxe4+ 30. Qg2 Qxg2+ 31. Kxg2 b6 32. Rf8+ Rxf8 33. Rxf8+ Kg7 34. Rd8 d3 35. Rxd6 d2 36. Rd7+ Kg6 37. Kf3 Bc5 38. a4 Bb4 39. Ke2 h5 40. Rb7 Bc5 41. Kxd2 Kg5 42. Rd7 Kh4 43. Rd5 Bf2 44. Ke2 Bg1 45. Kf3 Bc5 46. Rf5 Bg1 47. Ke4 Bc5 48. Ke5 Be3 49. Kf6 Bc5 50. Kg6 Kxh3 51. Kxh5 Kg3 52. Kg5 1-0

[Event "NRW Class2 1112"]
[Site "Germany"]
[Date "2011.11.13"]
[Round "3.7"]
[White "Fokken, Achim"]
[Black "Hanisch, Bernd"]
[Result "1-0"]
[WhiteElo "1939"]
[BlackElo "1997"]
[PlyCount "103"]
[EventDate "2011.09.18"]
[EventType "team-tourn"]
[EventRounds "9"]
[EventCountry "GER"]
[SourceTitle "EXT 2015"]
[Source "ChessBase"]
[SourceDate "2014.11.20"]
[SourceVersion "1"]
[SourceVersionDate "2014.11.20"]
[SourceQuality "1"]
[WhiteTeam "Koeln Ford SF"]
[BlackTeam "Herford"]
[WhiteTeamCountry "GER"]
[BlackTeamCountry "GER"]

1. e4 c6 2. d4 d5 3. f3 e6 4. Bd3 Nf6 5. e5 Nfd7 6. Ne2 c5 7. c3 Be7 8. 0-0 0-0 9. f4 b6 10. f5 exf5 11. Bxf5 Nc6 12. Nd2 cxd4 13. cxd4 Ndb8 14. Bb1 Ba6 15. Nf3 Na5 16. b3 Nbc6 17. Rf2 Rc8 18. Bf5 Ra8 19. Nf4 g6 20. Bd3 Bxd3 21. Qxd3 Nb4 22. Qb1 Rc8 23. e6 Qd6 24. exf7+ Rxf7 25. Ne5 Rf5 26. Ba3 Nac6 27. Nxc6 Rxc6 28. Nd3 a5 29. Rxf5 gxf5 30. Bxb4 axb4 31. Ne5 Rc7 32. Qxf5 Qf6 33. Qg4+ Qg5 34. Qe6+ Kg7 35. Rf1 Rc1 36. Qf7+ Kh8 37. Qe8+ Kg7 38. Qf7+ Kh8 39. Qe8+ Kg7 40. Qf7+ Kh8 41. Qf8+ Bxf8 42. Nf7+ Kg8 43. Nxg5 Rc2 44. Nxh7 Bg7 45. Nf6+ Kh8 46. Nxd5 Bxd4+ 47. Kh1 Bc5 48. h4 Rd2 49. Nf6 Rxa2 50. Kh2 Re2 51. Rd1 Re3 52. Rd7 1-0

[Event "NRW Class2 0910"]
[Site "Germany"]
[Date "2010.01.10"]
[Round "5.6"]
[White "Tkachuk, Konstantyn"]
[Black "Hanisch, Bernd"]
[Result "1-0"]
[WhiteElo "2177"]
[BlackElo "2147"]
[PlyCount "93"]
[EventDate "2009.09.20"]
[EventType "team-tourn"]
[EventRounds "9"]
[EventCountry "GER"]
[SourceTitle "EXT 2011"]
[Source "ChessBase"]
[SourceDate "2010.11.26"]
[SourceVersion "1"]
[SourceVersionDate "2010.11.26"]
[SourceQuality "1"]
[WhiteTeam "Bochum SG II"]
[BlackTeam "Herford"]
[WhiteTeamCountry "GER"]
[BlackTeamCountry "GER"]

1. e4 c6 2. d4 d5 3. Nc3 dxe4 4. Nxe4 Nd7 5. Nf3 Ngf6 6. Ng3 e6 7. Bd3 Be7 8. 0-0 0-0 9. c4 b6 10. b3 Bb7 11. Bb2 c5 12. Qe2 Re8 13. Rad1 Qc7 14. Bb1 Rad8 15. Rd2 Nf8 16. Ne5 cxd4 17. Rfd1 Ng6 18. Nxg6 hxg6 19. Rxd4 Bc5 20. Rxd8 Rxd8 21. Rxd8+ Qxd8 22. Kf1 Qd7 23. f3 Bd4 24. Bxd4 Qxd4 25. Qd3 Qb2 26. Qc2 Qe5 27. Kf2 Qd4+ 28. Kf1 Qe5 29. Qd2 Qa1 30. Qd3 Qb2 31. Ne2 Qe5 32. h3 Nh5 33. Kf2 Nf4 34. Qd8+ Kh7 35. Qh4+ Nh5 36. Qe7 Nf4 37. Qh4+ Nh5 38. g4 Qc5+ 39. Ke1 Bxf3 40. Qxh5+ Qxh5 41. gxh5 Bxh5 42. Nd4 Kh6 43. Nb5 Bf3 44. Nxa7 Bb7 45. b4 Kg5 46. c5 bxc5 47. bxc5 1-0

[Event "NRW Class2 0809"]
[Site "Germany"]
[Date "2009.03.01"]
[Round "7.7"]
[White "Paneff, Florian"]
[Black "Hanisch, Bernd"]
[Result "1-0"]
[WhiteElo "1981"]
[BlackElo "2160"]
[PlyCount "89"]
[EventDate "2008.09.21"]
[EventType "team-tourn"]
[EventRounds "9"]
[EventCountry "GER"]
[SourceTitle "EXT 2010"]
[Source "ChessBase"]
[SourceDate "2010.11.25"]
[SourceVersion "1"]
[SourceVersionDate "2010.11.25"]
[SourceQuality "1"]
[WhiteTeam "Guetersloh"]
[BlackTeam "Herford"]
[WhiteTeamCountry "GER"]
[BlackTeamCountry "GER"]

1. e4 c6 2. d4 d5 3. Nc3 dxe4 4. Nxe4 Bf5 5. Ng3 Bg6 6. h4 h6 7. Nf3 Nd7 8. h5 Bh7 9. Bd3 Bxd3 10. Qxd3 e6 11. Bf4 Qa5+ 12. Bd2 Qc7 13. 0-0-0 Ngf6 14. Ne4 Nxe4 15. Qxe4 Nf6 16. Qe2 0-0-0 17. g3 Kb8 18. c4 Ka8 19. Bf4 Bd6 20. Ne5 b5 21. c5 Bxe5 22. Bxe5 Qa5 23. Kb1 Rhg8 24. Qf3 Nd5 25. Qxf7 Rge8 26. Qxg7 b4 27. Qxh6 Rd7 28. Qg6 Rdd8 29. Qc2 Rd7 30. Rd3 Rb7 31. Rb3 Ree7 32. h6 Qb5 33. g4 a5 34. Rbh3 a4 35. h7 Rxh7 36. Rxh7 b3 37. axb3 axb3 38. Qe4 Qa5 39. Kc1 Qb4 40. Kd1 Rxh7 41. Qxh7 Nc3+ 42. bxc3 Qxc3 43. Qg8+ Kb7 44. Qb8+ Ka6 45. Qb6# 1-0

[Event "NRW Class2 0809"]
[Site "Germany"]
[Date "2008.11.09"]
[Round "3.7"]
[White "Alkhazashvili, Ololi"]
[Black "Hanisch, Bernd"]
[Result "1-0"]
[WhiteElo "2091"]
[BlackElo "2160"]
[PlyCount "47"]
[EventDate "2008.09.21"]
[EventType "team-tourn"]
[EventRounds "9"]
[EventCountry "GER"]
[SourceTitle "EXT 2010"]
[Source "ChessBase"]
[SourceDate "2010.11.25"]
[SourceVersion "1"]
[SourceVersionDate "2010.11.25"]
[SourceQuality "1"]
[WhiteTeam "Krefeld"]
[BlackTeam "Herford"]
[WhiteTeamCountry "GER"]
[BlackTeamCountry "GER"]

1. e4 c6 2. d4 d5 3. e5 Bf5 4. Nf3 e6 5. Be2 c5 6. Be3 Qb6 7. Nc3 Nc6 8. dxc5 Qxb2 9. Nb5 0-0-0 10. Nfd4 Nxd4 11. Bxd4 Qxc2 12. Qxc2 Bxc2 13. Nxa7+ Kc7 14. Nb5+ Kb8 15. Kd2 Bg6 16. a4 Ne7 17. a5 Nc6 18. a6 bxa6 19. Rxa6 Nxd4 20. Rb6+ Kc8 21. Nxd4 Rd7 22. Ba6+ Kc7 23. Rb7+ Kc8 24. Ra7+ 1-0

[Event "NRW Class2 0708"]
[Site "Germany"]
[Date "2008.02.10"]
[Round "6.8"]
[White "Homuth, Wolfgang"]
[Black "Hanisch, Bernd"]
[Result "0-1"]
[WhiteElo "2155"]
[BlackElo "2165"]
[PlyCount "80"]
[EventDate "2007.09.16"]
[EventType "team"]
[EventRounds "9"]
[EventCountry "GER"]
[SourceTitle "EXT 2009"]
[Source "ChessBase"]
[SourceDate "2008.11.26"]
[SourceVersion "1"]
[SourceVersionDate "2008.11.26"]
[SourceQuality "1"]
[WhiteTeam "Monheim"]
[BlackTeam "Herford"]
[WhiteTeamCountry "GER"]
[BlackTeamCountry "GER"]

1. e4 c6 2. d4 d5 3. exd5 cxd5 4. c4 Nf6 5. Nc3 e6 6. Nf3 Be7 7. cxd5 exd5 8. Bd3 0-0 9. h3 a6 10. 0-0 Nc6 11. Re1 Re8 12. Bg5 Be6 13. Rc1 Rc8 14. Na4 b5 15. Nc3 Qb6 16. Qd2 Na5 17. Qf4 Qd8 18. Re5 Nc4 19. Qh4 Nxe5 20. dxe5 Ne4 21. Bxe4 dxe4 22. Rd1 Qc7 23. Nxe4 Qc2 24. Rd4 Bf8 25. Nd6 Qxb2 26. a4 Rb8 27. axb5 axb5 28. Rb4 Qa3 29. Qd4 h6 30. Be3 Red8 31. Qe4 Rxd6 32. exd6 Bxd6 33. Rb1 b4 34. Bf4 b3 35. Nd4 Qb4 36. Bxd6 Qxd6 37. Qe3 b2 38. Qc3 Qb6 39. Nc6 Rb7 40. Nd4 Ba2 0-1

[Event "NRW Class1 0304"]
[Site "Germany"]
[Date "2004.03.28"]
[Round "8.5"]
[White "Beckmann, Frank"]
[Black "Hanisch, Bernd"]
[Result "1/2-1/2"]
[WhiteElo "2080"]
[BlackElo "2039"]
[PlyCount "58"]
[EventDate "2003.09.28"]
[EventType "team"]
[EventRounds "9"]
[EventCountry "GER"]
[SourceTitle "CBM 098 Extra"]
[Source "ChessBase"]
[SourceDate "2004.03.10"]
[SourceVersion "2"]
[SourceVersionDate "2004.03.10"]
[SourceQuality "1"]
[WhiteTeam "Plettenberg"]
[BlackTeam "Herford"]
[WhiteTeamCountry "GER"]
[BlackTeamCountry "GER"]

1. c4 c6 2. Nf3 d5 3. b3 Nf6 4. Bb2 e6 5. g3 Be7 6. Bg2 0-0 7. 0-0 Nbd7 8. d3 b6 9. Nbd2 Bb7 10. Qc2 dxc4 11. Nxc4 c5 12. Rfd1 Rc8 13. Rac1 h6 14. Qb1 b5 15. Nce5 Nxe5 16. Bxe5 Nd7 17. Bb2 Bf6 18. Nd2 Bxg2 19. Kxg2 Bxb2 20. Qxb2 Nf6 21. Rc2 Qb6 22. Rdc1 Rc7 23. Qe5 Rfc8 24. a3 a6 25. h4 Qb7+ 26. Kg1 Qb6 27. Kg2 Qb7+ 28. Kg1 Qb6 29. Kg2 Qb7+ 1/2-1/2

[Event "NRW Class1 0304"]
[Site "Germany"]
[Date "2003.12.07"]
[Round "4.6"]
[White "Hanisch, Bernd"]
[Black "Schroeder, Wilfried"]
[Result "1/2-1/2"]
[WhiteElo "2039"]
[BlackElo "2208"]
[PlyCount "113"]
[EventDate "2003.09.28"]
[EventType "team"]
[EventRounds "9"]
[EventCountry "GER"]
[SourceTitle "CBM 098 Extra"]
[Source "ChessBase"]
[SourceDate "2004.03.10"]
[SourceVersion "2"]
[SourceVersionDate "2004.03.10"]
[SourceQuality "1"]
[WhiteTeam "Herford"]
[BlackTeam "Wattenscheid II"]
[WhiteTeamCountry "GER"]
[BlackTeamCountry "GER"]

1. c4 e6 2. g3 d5 3. Bg2 c6 4. cxd5 exd5 5. d4 Bf5 6. Nc3 Nf6 7. Nf3 Bd6 8. 0-0 Nbd7 9. Nh4 Be6 10. Qc2 0-0 11. Nf5 Bxf5 12. Qxf5 Re8 13. Bg5 h6 14. Bxf6 Nxf6 15. e3 Qe7 16. Qc2 h5 17. Rfe1 Rad8 18. a3 a5 19. Rac1 h4 20. e4 dxe4 21. Nxe4 hxg3 22. hxg3 Nxe4 23. Rxe4 Qg5 24. Rce1 Rxe4 25. Rxe4 g6 26. Qc3 Bf8 27. Re5 Qg4 28. Qxa5 Qxd4 29. Re4 Qd1+ 30. Bf1 Qd2 31. b4 Qd5 32. Qxd5 cxd5 33. Re5 d4 34. Bg2 d3 35. Rd5 Rxd5 36. Bxd5 d2 37. Bb3 Bg7 38. Kf1 Bb2 39. a4 Bc3 40. b5 b6 41. Ke2 Kf8 42. Kd3 Ba5 43. Ke4 Ke7 44. Ke5 Bc3+ 45. Kd5 Kf6 46. Kc4 Ba5 47. Kd4 Kf5 48. Bd1 f6 49. Be2 g5 50. f3 Ke6 51. g4 Kd6 52. Bd1 Bb4 53. Kc4 Ba5 54. Kd4 Bb4 55. Kc4 Ba5 56. Kd4 Bb4 57. Kc4 1/2-1/2

[Event "NRW Class1 0304"]
[Site "Germany"]
[Date "2003.11.09"]
[Round "3.7"]
[White "Hanisch, Bernd"]
[Black "Marcks, Martin"]
[Result "1/2-1/2"]
[WhiteElo "2039"]
[BlackElo "2222"]
[PlyCount "82"]
[EventDate "2003.09.28"]
[EventType "team"]
[EventRounds "9"]
[EventCountry "GER"]
[SourceTitle "CBM 098 Extra"]
[Source "ChessBase"]
[SourceDate "2004.03.10"]
[SourceVersion "2"]
[SourceVersionDate "2004.03.10"]
[SourceQuality "1"]
[WhiteTeam "Herford"]
[BlackTeam "Koeln Brueck"]
[WhiteTeamCountry "GER"]
[BlackTeamCountry "GER"]

1. c4 Nf6 2. Nc3 d6 3. g3 g6 4. Bg2 Bg7 5. e4 e5 6. Nge2 Be6 7. d3 Qd7 8. 0-0 Nc6 9. Nd5 Nh5 10. Be3 Nd8 11. f4 c6 12. f5 cxd5 13. fxe6 fxe6 14. exd5 Nf6 15. Nc3 0-0 16. Bh3 Qe7 17. Bg5 Qe8 18. Bxf6 Bxf6 19. Qg4 Kg7 20. dxe6 h5 21. Qe4 Nxe6 22. Bxe6 Qxe6 23. Nd5 Rab8 24. Rf2 Bg5 25. Raf1 Rxf2 26. Rxf2 Rf8 27. Rxf8 Kxf8 28. Kg2 a6 29. h3 Qf7 30. Qf3 Qf5 31. g4 hxg4 32. hxg4 Qf7 33. Qxf7+ Kxf7 34. Kf3 Ke6 35. Ke4 Kd7 36. b3 Kc6 37. d4 exd4 38. Kxd4 a5 39. Kd3 Kc5 40. Ke4 a4 41. Kd3 axb3 1/2-1/2

[Event "Oberliga NRW 9798 II"]
[Site "Germany"]
[Date "1998.??.??"]
[Round "7.6"]
[White "Hanisch, Bernd"]
[Black "Zatschek, Mark"]
[Result "0-1"]
[WhiteElo "2095"]
[BlackElo "2250"]
[PlyCount "88"]
[EventDate "1997.10.??"]
[EventType "team"]
[EventRounds "9"]
[EventCountry "GER"]
[SourceTitle "EXT 1999"]
[Source "ChessBase"]
[SourceDate "1998.11.16"]
[SourceVersion "1"]
[SourceVersionDate "1998.11.16"]
[SourceQuality "1"]
[WhiteTeam "Herford"]
[BlackTeam "Neheim"]
[WhiteTeamCountry "GER"]
[BlackTeamCountry "GER"]

1. c4 c5 2. Nf3 Nc6 3. d4 cxd4 4. Nxd4 g6 5. e4 Bg7 6. Nc2 Nf6 7. Nc3 0-0 8. Be2 a6 9. 0-0 d6 10. Bg5 Rb8 11. a4 b6 12. Qd2 Bb7 13. f3 Qd7 14. Rab1 Rfc8 15. Bxf6 exf6 16. Rfd1 Rd8 17. Nd5 Ba8 18. Qc3 Qa7 19. Kh1 Ne7 20. Nxe7+ Qxe7 21. Qd3 f5 22. exf5 Be5 23. Ne3 Bf4 24. Nf1 Re8 25. Re1 Bc6 26. Qd1 Rbd8 27. fxg6 hxg6 28. Bd3 Qh4 29. Be4 Bxe4 30. fxe4 Be5 31. g3 Qh3 32. Qf3 Kg7 33. Qg2 Qd7 34. b3 b5 35. axb5 axb5 36. Ne3 Rh8 37. cxb5 Qxb5 38. Nc4 Bd4 39. Red1 Qc5 40. Qd2 Be5 41. Nxe5 dxe5 42. Qb2 Rd4 43. b4 Rxb4 44. Qxb4 Qf2 0-1

[Event "GER-ch M1628 corr"]
[Site "GER corr"]
[Date "1997.??.??"]
[Round "6"]
[White "Hallier, Karl Heinz"]
[Black "Hanisch, Bernd"]
[Result "1-0"]
[WhiteElo "2069"]
[BlackElo "2101"]
[PlyCount "41"]
[EventDate "1997.??.??"]
[EventType "tourn (corr)"]
[EventRounds "9"]
[EventCountry "GER"]
[SourceTitle "Corr 2020"]
[Source "ChessBase"]
[SourceDate "2019.09.30"]
[SourceVersion "1"]
[SourceVersionDate "2019.09.30"]
[SourceQuality "1"]
[WhiteTeam "Germany"]
[BlackTeam "Germany"]
[WhiteTeamCountry "GER"]
[BlackTeamCountry "GER"]

1. e4 c6 2. d4 d5 3. e5 Bf5 4. Nf3 e6 5. Be2 c5 6. Be3 Nd7 7. c4 dxc4 8. 0-0 Nh6 9. Bxc4 Qb6 10. Nc3 Ng4 11. Nh4 0-0-0 12. Nxf5 exf5 13. Bxf7 Ngxe5 14. Nd5 Qc6 15. dxe5 Nxe5 16. Bg5 Rd6 17. Bf4 Nxf7 18. Bxd6 Bxd6 19. Qd3 g6 20. Rfd1 Ne5 21. Nb4 1-0

[Event "Oberliga NRW 9798 II"]
[Site "Germany"]
[Date "1997.??.??"]
[Round "4.5"]
[White "Hanisch, Bernd"]
[Black "Peschel, Andreas"]
[Result "1/2-1/2"]
[WhiteElo "2095"]
[BlackElo "2105"]
[PlyCount "54"]
[EventDate "1997.10.??"]
[EventType "team"]
[EventRounds "9"]
[EventCountry "GER"]
[SourceTitle "EXT 1999"]
[Source "ChessBase"]
[SourceDate "1998.11.16"]
[SourceVersion "1"]
[SourceVersionDate "1998.11.16"]
[SourceQuality "1"]
[WhiteTeam "Herford"]
[BlackTeam "Koeln Porz III"]
[WhiteTeamCountry "GER"]
[BlackTeamCountry "GER"]

1. c4 e6 2. e4 c5 3. Nc3 Nc6 4. Nf3 d6 5. d4 cxd4 6. Nxd4 Nf6 7. Be2 Be7 8. 0-0 0-0 9. Be3 Qc7 10. Rc1 Bd7 11. f3 Rac8 12. Kh1 Qb8 13. Qd2 a6 14. Nxc6 Bxc6 15. Bb6 Nd7 16. Bd4 b5 17. cxb5 axb5 18. b4 Nf6 19. Qd3 e5 20. Be3 d5 21. Nxd5 Nxd5 22. exd5 Rfd8 23. Qe4 Bxd5 24. Rxc8 Qxc8 25. Qxe5 Bxb4 26. Bxb5 Bxa2 27. Qb2 Qc3 1/2-1/2

[Event "GER-ch M1628 corr"]
[Site "GER corr"]
[Date "1997.??.??"]
[Round "2"]
[White "Hanisch, Bernd"]
[Black "Semmelroth, Heinz Dieter"]
[Result "1-0"]
[WhiteElo "2101"]
[BlackElo "2071"]
[PlyCount "41"]
[EventDate "1997.??.??"]
[EventType "tourn (corr)"]
[EventRounds "9"]
[EventCountry "GER"]
[SourceTitle "Corr 2020"]
[Source "ChessBase"]
[SourceDate "2019.09.30"]
[SourceVersion "1"]
[SourceVersionDate "2019.09.30"]
[SourceQuality "1"]
[WhiteTeam "Germany"]
[BlackTeam "Germany"]
[WhiteTeamCountry "GER"]
[BlackTeamCountry "GER"]

1. Nf3 d5 2. b3 Nf6 3. Bb2 e6 4. c4 c6 5. e3 Bd6 6. Be2 0-0 7. 0-0 Nbd7 8. Nc3 e5 9. cxd5 e4 10. Nd4 Ne5 11. dxc6 bxc6 12. Qc2 Nfg4 13. Nxe4 c5 14. Nxd6 Qxd6 15. f4 cxd4 16. fxe5 Qxe5 17. Rf4 Nxe3 18. dxe3 Qxe3+ 19. Rf2 Bb7 20. Bc4 Rad8 21. Ba3 1-0